000 00950nam a2200193 4500
003 LK-CoMWRAF
005 20231213175231.0
008 231213b |||||||| |||| 00| 0 eng d
020 _a9559089005
040 _aLK-CoMWRAF
_dLK-CoMWRAF
_eLK-CoMWRAF
041 _asin
082 _a307.72
_bGAJ
100 _aගජනායක, ජයා
245 _aප්‍රජා සංවර්ධන ව්‍යාපෘති :
_bසැලසුම් කිරීම ක්‍රියාත්මක කිරීම ඇගැයීම පිළිබඳ අත්පොත
246 _aPraja sanwardhana wyapruthi : salasum kireema, kriyathmaka kireema, agayeema pilibanda athpotha
260 _aකොළඹ :
_bප්‍ර‍ජා සංවර්ධන හා වැඩිහිටි අධ්‍යාපනය පිළිබඳ ජාතික සංගමය
_c1990
650 _aප්‍රජා සංවර්ධනය
942 _cBK
999 _c4425
_d4425